Co to za logo #3 - Statystyki

Ogólne statystyki
  • Ten quiz został rozwiązany 179 razy
  • Średni wynik to 14 z 16
Statystyki odpowiedzi
Obrazkowy Odpowiedź % Poprawnych
Puma
98%
Facebook
97%
Spotify
97%
TikTok
97%
Audi
95%
Biedronka
95%
SnapChat
95%
BMW
94%
Burger King
91%
Firefox
91%
Honda
89%
JetPunk
89%
PlayBoy
87%
Taco Bell
65%
Maserati
52%
WalMart
47%
Nie znaleziono quizów pasujących do podanych kryteriów
Rozkład punktacji
Procent ludzi z każdym wynikiem
Percentyl według liczby udzielonych odpowiedzi
Twoja historia wyników
Nie rozwiązałeś tego quizu